Životné prostredie a rozvoj - Rio summit '92.
Obsah dokumentov prijatých v r. 1992 na záverečnom zasadaní. Konferencie OSN pre životné prostredie a rozvoj, tzv. Rio Summit. Politický význam summitu (120 hláv štátov a šéfov vlád). Rio deklarácia. Konvencia o zachovaní biologickej rôznorodosti (biodiverzita). Konvencia o klimatických zmenách. Age...
Guardado en:
| Autor principal: | |
|---|---|
| Formato: | Capítulo de libro |
| Lenguaje: | eslovaco |
| Materias: | |
| Etiquetas: |
Sin Etiquetas, Sea el primero en etiquetar este registro!
|
MARC
| LEADER | 00000naa a2200000 4500 | ||
|---|---|---|---|
| 001 | r011749 | ||
| 005 | 20221214064944.1 | ||
| 041 | 0 | |a slo | |
| 044 | |a SK | ||
| 245 | 1 | 0 | |a Životné prostredie a rozvoj - Rio summit '92. |c L. Miklós |
| 520 | |a Obsah dokumentov prijatých v r. 1992 na záverečnom zasadaní. Konferencie OSN pre životné prostredie a rozvoj, tzv. Rio Summit. Politický význam summitu (120 hláv štátov a šéfov vlád). Rio deklarácia. Konvencia o zachovaní biologickej rôznorodosti (biodiverzita). Konvencia o klimatických zmenách. Agenda 21 - agenda 21. storočia, súbor asi 40 dokumentov. Účasť česko-slovenskej delegácie na práci UNCED '92. | ||
| 610 | 2 | 0 | |a prostredie životné |
| 610 | 2 | 0 | |a rozvoj hospodársky |
| 610 | 2 | 0 | |a konferencie |
| 610 | 2 | 0 | |a Rio de Janeiro |
| 610 | 2 | 0 | |a 1992 |
| 610 | 2 | 0 | |a UNCED |
| 610 | 2 | 0 | |a Rio Summit '92 |
| 610 | 2 | 0 | |a deklarácia |
| 100 | 1 | |a Miklós, L. | |